| 000 | 01026nam a22002417a 4500 | ||
|---|---|---|---|
| 003 | SEM | ||
| 005 | 20260624150944.0 | ||
| 008 | 260624s1990 ai ||||gr||||||01|||arm|d | ||
| 020 | _a5807703111 | ||
| 040 |
_aSEM _cSEM |
||
| 041 |
_aarm _hrus |
||
| 080 | _a891.981-3/Գ-68 | ||
| 100 | _aԳյումրեցի, Աիդա | ||
| 245 |
_aՏղամարդկային համբերություն: _bՎեպ / _cԱ. Գյումրեցի ; Թարգմ.՝ Շ. Գրիգորյան ; Խմբ.՝ Ս. Ավագյան |
||
| 260 |
_aԵրևան : _bԱրևիկ, _c1990. |
||
| 300 |
_a438 էջ ; _bնկ. ; _c21 սմ |
||
| 500 | _aԻմ բազմաչարչար քույրերիս՝ Հայաստան Վինկլերին (ծննդյամբ Գևորգյան) և Ելիզավետա (Եղսո) Գևորգյանին եմ նվիրում այս գիրքը: | ||
| 650 |
_aՀայ գրականություն _xարձակ |
||
| 653 | _aՍԷՄ | ||
| 700 |
_aԳրիգորյան, Շ. _eթարգմ. _4trl. |
||
| 700 |
_aԱվագյան, Ս. _eխմբ. _4edt. |
||
| 942 |
_2udc _cBK _n0 |
||
| 999 |
_c77327 _d77327 |
||